Born in Saskatoon - Statistics

General Stats
  • This quiz has been taken 12 times
  • The average score is 5 of 10
Answer Stats
Hint Answer % Correct
Premier of Saskatchewan from 1991 to 2001 1939 Roy Romanow
80%
Ice hockey centre and alternate captain for the St. Louis Blues 1991 Brayden Schenn
50%
Former goaltender who played most of his career for the Carolina Hurricanes 1984 Cam Ward
50%
Goaltender who plays for the Los Angeles Kings 1990 Darcy Kuemper
50%
Left winger who played for the Minnesota Wild and New York Rangers, he died at the age of 28 from an accidental drug and alcohol oversode while recovering from a concussion 1982 Derek Boogaard
50%
Actor, known for his roles as Alexander "Tig" Trager in "Sons of Anarchy" and Declan Gardiner in "Bad Blood" 1958 Kim Coates
50%
Defenceman who plays for the Vancouver Canucks 1989 Luke Schenn
50%
Actor, known for his role as Christopher Hayden in "Gilmore Girls" 1969 David Sutcliffe
40%
Governor General of Canada from 1990 to 1995 1934 Ray Hnatyshyn
30%
Power forward who plays for the Sacramento Kings 1995 Trey Lyles
30%
No matching quizzes found
Score Distribution
Percent of People with Each Score
Percentile by Number Answered
Your Score History
You have not taken this quiz